[Event "7th Iberoamerican-ch 2019"]
[Site "Linares"]
[Date "2019.08.17"]
[Round "8.3"]
[White "Huerga Leache, Mikel"]
[Black "Lopez Martinez, Josep Manuel"]
[Result "1/2-1/2"]
[WhiteElo "2440"]
[BlackElo "2581"]
[Annotator "ChessBase"]
[PlyCount "115"]
[EventDate "2019.08.10"]
[EventType "swiss"]
[EventCountry "ESP"]
[SourceTitle "playchess.com"]
[Source "ChessBase"]
[SourceQuality "1"]
[TimeControl "5400+30"]

1. e4 {[%emt 0:00:00]} c5 {[%emt 0:00:00]} 2. Nf3 {[%emt 0:00:06]} e6 {[%emt 0:00:09]} 3. c3 {[%emt 0:00:19]} Nf6 {[%emt 0:02:14]} 4. e5 {[%emt 0:00:13]} Nd5 {[%emt 0:00:16]} 5. d4 {[%emt 0:00:25]} cxd4 {[%emt 0:00:26]} 6. cxd4 {[%emt 0:00:12]} d6 {[%emt 0:02:13]} 7. Bc4 {[%emt 0:00:45]} Nb6 {[%emt 0:01:43]} 8. Bd3 {[%emt 0:07:04]} Bd7 {[%emt 0:04:40]} 9. O-O {[%emt 0:09:20]} Bc6 {[%emt 0:00:38]} 10. Nc3 {[%emt 0:02:07]} N8d7 {[%emt 0:03:01]} 11. Ng5 {[%emt 0:12:17]} Be7 {[%emt 0:10:14]} 12. Qh5 {[%emt 0:01:22]} g6 {[%emt 0:00:31]} 13. Qh6 {[%emt 0:09:55]} Bf8 {[%emt 0:01:25]} 14. Qh3 {[%emt 0:05:01]} dxe5 {[%emt 0:01:31]} 15. dxe5 {[%emt 0:08:12]} Nxe5 {[%emt 0:02:02]} 16. Bc2 {[%emt 0:02:25]} Bg7 {[%emt 0:02:57]} 17. Re1 {[%emt 0:04:00]} Qd4 {[%emt 0:10:14]} 18. Nxe6 {[%emt 0:05:35]} fxe6 {[%emt 0:00:09]} 19. Qxe6+ {[%emt 0:00:10]} Kf8 {[%emt 0:00:09]} 20. Be3 {[%emt 0:01:31]} Qb4 {[%emt 0:00:26]} 21. a3 {[%emt 0:07:09]} Qc4 {[%emt 0:06:31]} 22. Qd6+ {[%emt 0:00:40]} Kg8 {[%emt 0:00:12]} 23. Qd1 {[%emt 0:04:49]} Qf7 {[%emt 0:05:53]} 24. Bxb6 {[%emt 0:02:13]} axb6 {[%emt 0:00:13]} 25. Rxe5 {[%emt 0:01:21]} Qc7 {[%emt 0:00:16]} 26. Bb3+ {[%emt 0:00:56]} Kf8 {[%emt 0:00:09]} 27. Re3 {[%emt 0:00:28]} Be5 {[%emt 0:01:09]} 28. Nd5 {[%emt 0:04:08]} Qd6 {[%emt 0:00:43]} 29. Qe2 {[%emt 0:02:55]} Re8 {[%emt 0:02:44]} 30. Re1 {[%emt 0:02:23]} Bxh2+ {[%emt 0:05:05]} 31. Kh1 {[%emt 0:00:01]} Kg7 {[%emt 0:01:28]} 32. Re7+ {[%emt 0:02:48]} Rxe7 {[%emt 0:00:12]} 33. Qxe7+ {[%emt 0:00:02]} Qxe7 {[%emt 0:00:08]} 34. Rxe7+ {[%emt 0:00:03]} Kf8 {[%emt 0:00:05]} 35. Kxh2 {[%emt 0:01:56]} Bxd5 {[%emt 0:00:10]} 36. Re3 {[%emt 0:00:01]} Bc6 {[%emt 0:00:09]} 37. f4 {[%emt 0:01:03]} h6 {[%emt 0:02:08]} 38. Re6 {[%emt 0:00:10]} g5 {[%emt 0:00:32]} 39. f5 {[%emt 0:01:20]} Rh7 {[%emt 0:01:34]} 40. Kg3 {[%emt 0:00:52]} Rd7 {[%emt 0:00:29]} 41. Rf6+ {[%emt 0:00:32]} Ke7 {[%emt 0:02:14]} 42. Rf7+ {[%emt 0:00:42]} Kd6 {[%emt 0:00:20]} 43. Rxd7+ {[%emt 0:00:57]} Bxd7 {[%emt 0:00:12]} 44. f6 {[%emt 0:00:26]} h5 {[%emt 0:00:35]} 45. Kf2 {[%emt 0:00:27]} h4 {[%emt 0:00:08]} 46. Kf3 {[%emt 0:02:26]} Bc6+ {[%emt 0:00:37]} 47. Kg4 {[%emt 0:00:34]} Bxg2 {[%emt 0:01:07]} 48. Kxg5 {[%emt 0:00:00]} h3 {[%emt 0:00:23]} 49. Kg6 {[%emt 0:00:01]} h2 {[%emt 0:00:56]} 50. f7 {[%emt 0:00:05]} h1=Q {[%emt 0:00:21]} 51. f8=Q+ {[%emt 0:00:05]} Kc7 {[%emt 0:01:03]} 52. Qf4+ {[%emt 0:00:01]} Kd7 {[%emt 0:01:51]} 53. Qd4+ {[%emt 0:00:49]} Kc8 {[%emt 0:00:58]} 54. Be6+ {[%emt 0:02:28]} Kb8 {[%emt 0:00:14]} 55. Qf4+ {[%emt 0:00:59]} Ka7 {[%emt 0:00:09]} 56. Qa4+ {[%emt 0:00:00]} Kb8 {[%emt 0:00:08]} 57. Qf4+ {[%emt 0:00:02]} Ka7 {[%emt 0:00:08]} 58. Qa4+ {[%emt 0:00:05]} 1/2-1/2

[Event "7th Iberoamerican-ch 2019"]
[Site "Linares"]
[Date "2019.08.17"]
[Round "8.4"]
[White "Henriquez Villagra, Cristobal"]
[Black "Sosa, Tomas"]
[Result "1-0"]
[WhiteElo "2562"]
[BlackElo "2508"]
[Annotator "ChessBase"]
[PlyCount "135"]
[EventDate "2019.08.10"]
[EventType "swiss"]
[EventCountry "ESP"]
[SourceTitle "playchess.com"]
[Source "ChessBase"]
[SourceQuality "1"]
[TimeControl "5400+30"]

1. c4 {[%emt 0:00:00]} e5 {[%emt 0:03:27]} 2. Nc3 {[%emt 0:00:00]} Bb4 {[%emt 0:00:03]} 3. Nd5 {[%emt 0:00:18]} Bc5 {[%emt 0:00:07]} 4. b4 {[%emt 0:03:03]} Bf8 {[%emt 0:04:01]} 5. Bb2 {[%emt 0:05:57]} c6 {[%emt 0:01:32]} 6. Ne3 {[%emt 0:00:14]} d6 7. g3 {[%emt 0:02:40]} Be7 {[%emt 0:12:04]} 8. Bg2 {[%emt 0:05:01]} f5 {[%emt 0:02:54]} 9. c5 {[%emt 0:09:52]} Be6 {[%emt 0:05:14]} 10. Nf3 {[%emt 0:03:03]} Bf6 {[%emt 0:06:27]} 11. Qc2 {[%emt 0:04:15]} Ne7 {[%emt 0:01:05]} 12. Bh3 {[%emt 0:08:38]} g6 {[%emt 0:12:08]} 13. g4 Na6 {[%emt 0:08:19]} 14. a3 {[%emt 0:04:54]} dxc5 {[%emt 0:03:21]} 15. gxf5 {[%emt 0:10:09]} Nxf5 {[%emt 0:00:37]} 16. Nxf5 {[%emt 0:07:25]} gxf5 {[%emt 0:00:15]} 17. Bxf5 {[%emt 0:00:36]} Qd5 {[%emt 0:05:17]} 18. Be4 {[%emt 0:03:17]} Qd6 {[%emt 0:00:08]} 19. b5 {[%emt 0:02:42]} cxb5 {[%emt 0:02:33]} 20. Bxb7 {[%emt 0:00:04]} Rd8 {[%emt 0:00:12]} 21. Bxa6 {[%emt 0:00:05]} Qxa6 {[%emt 0:00:05]} 22. Qxc5 {[%emt 0:00:06]} Bd5 {[%emt 0:00:26]} 23. Qe3 {[%emt 0:01:41]} Qb6 {[%emt 0:02:10]} 24. Qxb6 {[%emt 0:04:06]} axb6 {[%emt 0:00:05]} 25. Rg1 {[%emt 0:00:06]} Bxf3 {[%emt 0:00:27]} 26. exf3 {[%emt 0:00:01]} Kf7 {[%emt 0:01:52]} 27. Rc1 {[%emt 0:01:33]} Rc8 {[%emt 0:02:32]} 28. Ke2 {[%emt 0:01:38]} Rc4 {[%emt 0:00:37]} 29. Rg4 {[%emt 0:04:20]} Rxc1 {[%emt 0:04:49]} 30. Bxc1 {[%emt 0:00:04]} Rc8 {[%emt 0:00:49]} 31. Bb2 {[%emt 0:02:50]} Rc4 {[%emt 0:02:39]} 32. Re4 {[%emt 0:02:36]} Ke6 {[%emt 0:00:37]} 33. Kd1 {[%emt 0:01:23]} Kf5 {[%emt 0:01:07]} 34. d3 {[%emt 0:00:22]} Rc5 {[%emt 0:01:58]} 35. f4 {[%emt 0:02:21]} exf4 {[%emt 0:01:15]} 36. Bxf6 {[%emt 0:00:04]} Kxf6 {[%emt 0:00:04]} 37. Rxf4+ {[%emt 0:00:02]} Kg6 {[%emt 0:02:57]} 38. Kd2 {[%emt 0:00:16]} Rc7 {[%emt 0:02:01]} 39. Rd4 {[%emt 0:00:47]} Kg7 {[%emt 0:05:12]} 40. Rg4+ {[%emt 0:03:46]} Kh8 {[%emt 0:02:06]} 41. Rb4 {[%emt 0:02:53]} Rf7 {[%emt 0:00:04]} 42. Ke3 {[%emt 0:02:42]} Re7+ {[%emt 0:00:05]} 43. Kd2 {[%emt 0:00:22]} Rf7 {[%emt 0:00:04]} 44. Ke3 {[%emt 0:00:21]} Re7+ {[%emt 0:00:04]} 45. Re4 {[%emt 0:00:03]} Ra7 {[%emt 0:00:04]} 46. Re5 {[%emt 0:01:03]} Rxa3 {[%emt 0:00:11]} 47. Rxb5 {[%emt 0:00:04]} Ra6 {[%emt 0:02:43]} 48. h4 Kg7 {[%emt 0:00:20]} 49. f4 {[%emt 0:01:02]} Ra1 {[%emt 0:01:24]} 50. d4 {[%emt 0:01:17]} Rh1 {[%emt 0:00:26]} 51. h5 {[%emt 0:00:12]} Re1+ {[%emt 0:00:22]} 52. Kd3 {[%emt 0:00:30]} Re6 {[%emt 0:00:12]} 53. Re5 {[%emt 0:00:14]} Rd6 {[%emt 0:02:25]} 54. Ke4 {[%emt 0:00:08]} Kf7 {[%emt 0:00:12]} 55. Rf5+ {[%emt 0:00:54]} Ke7 {[%emt 0:00:14]} 56. Rg5 {[%emt 0:01:11]} Rh6 {[%emt 0:01:13]} 57. Rd5 {[%emt 0:01:43]} Ke6 {[%emt 0:00:53]} 58. f5+ {[%emt 0:00:35]} Ke7 {[%emt 0:03:24]} 59. Rb5 {[%emt 0:00:15]} Kd7 {[%emt 0:00:12]} 60. Ke5 {[%emt 0:00:33]} Kc6 {[%emt 0:00:31]} 61. Rb1 {[%emt 0:02:11]} Rxh5 {[%emt 0:00:12]} 62. d5+ {[%emt 0:00:06]} Kb7 {[%emt 0:00:41]} 63. Ke6 {[%emt 0:00:03]} Rh2 {[%emt 0:00:08]} 64. Re1 {[%emt 0:00:14]} Rf2 {[%emt 0:01:10]} 65. f6 {[%emt 0:00:10]} b5 {[%emt 0:00:34]} 66. Ke7 {[%emt 0:00:43]} Kb6 {[%emt 0:01:00]} 67. d6 {[%emt 0:00:04]} Kc6 {[%emt 0:00:16]} 68. d7 {[%emt 0:00:13]} 1-0

[Event "7th Iberoamerican-ch 2019"]
[Site "Linares"]
[Date "2019.08.17"]
[Round "8.5"]
[White "Escobar Forero, Alder"]
[Black "Krysa, Leandro"]
[Result "1/2-1/2"]
[WhiteElo "2477"]
[BlackElo "2516"]
[Annotator "ChessBase"]
[PlyCount "38"]
[EventDate "2019.08.10"]
[EventType "swiss"]
[EventCountry "ESP"]
[SourceTitle "playchess.com"]
[Source "ChessBase"]
[SourceQuality "1"]
[TimeControl "5400+30"]

1. e4 {[%emt 0:00:00]} e5 {[%emt 0:00:00]} 2. Nf3 {[%emt 0:00:00]} Nc6 {[%emt 0:00:00]} 3. Bb5 {[%emt 0:00:00]} a6 {[%emt 0:00:00]} 4. Ba4 {[%emt 0:00:00]} Nf6 {[%emt 0:00:02]} 5. O-O {[%emt 0:00:05]} b5 {[%emt 0:00:06]} 6. Bb3 {[%emt 0:00:05]} Bb7 {[%emt 0:00:04]} 7. d3 {[%emt 0:01:02]} Be7 {[%emt 0:00:22]} 8. Nc3 {[%emt 0:00:17]} O-O {[%emt 0:00:22]} 9. a3 {[%emt 0:00:06]} Nd4 {[%emt 0:00:27]} 10. Ba2 {[%emt 0:03:57]} Nxf3+ {[%emt 0:00:28]} 11. Qxf3 {[%emt 0:00:07]} d6 {[%emt 0:00:11]} 12. Qg3 {[%emt 0:05:34]} c6 {[%emt 0:00:38]} 13. Be3 {[%emt 0:04:23]} Bc8 {[%emt 0:03:31]} 14. Rad1 {[%emt 0:13:51]} a5 {[%emt 0:15:18]} 15. Ne2 {[%emt 0:02:11]} Nh5 {[%emt 0:11:44]} 16. Qf3 {[%emt 0:00:06]} Nf6 {[%emt 0:00:11]} 17. Qg3 {[%emt 0:00:27]} Nh5 {[%emt 0:00:53]} 18. Qf3 {[%emt 0:00:04]} Nf6 {[%emt 0:00:07]} 19. Qg3 {[%emt 0:05:02]} Nh5 1/2-1/2

[Event "7th Iberoamerican-ch 2019"]
[Site "Linares"]
[Date "2019.08.17"]
[Round "8.6"]
[White "Salgado Lopez, Ivan"]
[Black "Salinas Herrera, Pablo"]
[Result "1-0"]
[WhiteElo "2596"]
[BlackElo "2506"]
[Annotator "ChessBase"]
[PlyCount "129"]
[EventDate "2019.08.10"]
[EventType "swiss"]
[EventCountry "ESP"]
[SourceTitle "playchess.com"]
[Source "ChessBase"]
[SourceQuality "1"]
[TimeControl "5400+30"]

1. Nf3 {[%emt 0:00:00]} d5 {[%emt 0:00:00]} 2. b3 {[%emt 0:00:00]} Nf6 {[%emt 0:01:26]} 3. Bb2 {[%emt 0:00:00]} e6 {[%emt 0:00:08]} 4. g3 {[%emt 0:00:36]} Bd6 {[%emt 0:04:24]} 5. Bg2 {[%emt 0:00:16]} O-O {[%emt 0:00:21]} 6. c4 {[%emt 0:01:02]} b6 {[%emt 0:00:45]} 7. cxd5 {[%emt 0:01:55]} exd5 {[%emt 0:00:06]} 8. O-O {[%emt 0:00:15]} Bb7 {[%emt 0:01:27]} 9. Nc3 {[%emt 0:00:14]} a6 {[%emt 0:00:26]} 10. e3 {[%emt 0:01:15]} Nbd7 {[%emt 0:00:26]} 11. Rc1 {[%emt 0:00:23]} Re8 {[%emt 0:05:34]} 12. d3 {[%emt 0:00:46]} Rc8 {[%emt 0:05:55]} 13. Re1 {[%emt 0:00:11]} Bf8 {[%emt 0:15:10]} 14. Re2 {[%emt 0:00:47]} b5 {[%emt 0:10:38]} 15. d4 {[%emt 0:02:38]} Bd6 {[%emt 0:04:56]} 16. Rec2 {[%emt 0:01:36]} Ne4 {[%emt 0:06:58]} 17. Bh3 {[%emt 0:01:17]} f6 {[%emt 0:05:53]} 18. Ne1 {[%emt 0:02:04]} c6 {[%emt 0:00:37]} 19. Nd3 {[%emt 0:02:03]} Rc7 {[%emt 0:00:15]} 20. Bg2 {[%emt 0:06:58]} f5 {[%emt 0:01:39]} 21. Nb1 {[%emt 0:02:20]} Qe7 {[%emt 0:00:14]} 22. Nd2 {[%emt 0:00:35]} Ndf6 {[%emt 0:05:59]} 23. Nf3 {[%emt 0:02:19]} Rec8 {[%emt 0:01:39]} 24. Nfe5 {[%emt 0:09:00]} g6 {[%emt 0:09:23]} 25. Qe1 {[%emt 0:05:18]} c5 {[%emt 0:00:08]} 26. dxc5 {[%emt 0:01:15]} Nxc5 {[%emt 0:00:04]} 27. Nxc5 {[%emt 0:03:38]} Bxe5 {[%emt 0:00:12]} 28. Bxe5 {[%emt 0:01:11]} Qxe5 {[%emt 0:00:04]} 29. Qd1 {[%emt 0:03:03]} Qe7 {[%emt 0:01:20]} 30. b4 {[%emt 0:02:48]} Ne4 {[%emt 0:00:55]} 31. Qd4 {[%emt 0:03:05]} Ba8 {[%emt 0:00:16]} 32. a3 {[%emt 0:01:16]} Nf6 {[%emt 0:03:42]} 33. h3 {[%emt 0:02:21]} Qd6 {[%emt 0:03:18]} 34. Rc3 {[%emt 0:01:51]} Qb6 {[%emt 0:02:28]} 35. Kh2 {[%emt 0:02:27]} Qd6 {[%emt 0:00:25]} 36. R1c2 {[%emt 0:01:07]} Kf7 {[%emt 0:00:40]} 37. Bf3 {[%emt 0:01:28]} Kg8 {[%emt 0:00:05]} 38. Kg2 {[%emt 0:00:28]} h5 {[%emt 0:00:12]} 39. h4 {[%emt 0:02:01]} Kf7 {[%emt 0:00:04]} 40. Kf1 {[%emt 0:01:30]} Kg8 {[%emt 0:01:26]} 41. Ke1 {[%emt 0:00:23]} Rc6 {[%emt 0:01:40]} 42. Kd1 {[%emt 0:04:44]} Kh7 {[%emt 0:02:07]} 43. Kc1 {[%emt 0:01:19]} Qe7 {[%emt 0:00:39]} 44. Kb2 {[%emt 0:01:51]} Rd8 {[%emt 0:00:20]} 45. Rd3 {[%emt 0:09:29]} Rdc8 {[%emt 0:00:06]} 46. Rcd2 {[%emt 0:02:29]} Rd8 {[%emt 0:01:16]} 47. Qf4 {[%emt 0:01:17]} Rcd6 {[%emt 0:05:14]} 48. Rd4 {[%emt 0:00:29]} Rc8 {[%emt 0:00:35]} 49. Qg5 {[%emt 0:01:58]} a5 {[%emt 0:00:56]} 50. Bxh5 {[%emt 0:00:26]} Qg7 {[%emt 0:00:15]} 51. Bf3 {[%emt 0:02:14]} axb4 {[%emt 0:00:05]} 52. axb4 {[%emt 0:00:06]} Qa7 {[%emt 0:02:36]} 53. h5 {[%emt 0:03:21]} Rxc5 {[%emt 0:00:04]} 54. bxc5 {[%emt 0:00:54]} Ra6 {[%emt 0:00:03]} 55. Qxg6+ {[%emt 0:04:03]} Kh8 {[%emt 0:00:06]} 56. Kc2 {[%emt 0:00:55]} Ne4 {[%emt 0:01:48]} 57. Qe8+ {[%emt 0:00:18]} Kh7 {[%emt 0:00:02]} 58. Bxe4 {[%emt 0:00:58]} fxe4 {[%emt 0:00:31]} 59. Kd1 {[%emt 0:01:09]} b4 {[%emt 0:00:22]} 60. Rb2 {[%emt 0:02:10]} Ra1+ {[%emt 0:00:44]} 61. Kd2 {[%emt 0:00:14]} Qxc5 {[%emt 0:00:27]} 62. Qg6+ {[%emt 0:00:43]} Kh8 {[%emt 0:00:03]} 63. Qf6+ {[%emt 0:00:09]} Kh7 {[%emt 0:00:29]} 64. Rc2 {[%emt 0:00:19]} Qa5 {[%emt 0:01:22]} 65. Qg6+ {[%emt 0:00:11]} 1-0

[Event "7th Iberoamerican-ch 2019"]
[Site "Linares"]
[Date "2019.08.17"]
[Round "8.7"]
[White "Anton Guijarro, David"]
[Black "Larino Nieto, David"]
[Result "1/2-1/2"]
[WhiteElo "2678"]
[BlackElo "2457"]
[Annotator "TA"]
[PlyCount "55"]
[EventDate "2019.08.10"]
[EventType "swiss"]
[EventCountry "ESP"]
[SourceTitle "playchess.com"]
[Source "ChessBase"]
[SourceQuality "1"]

{[%evp 13,55,18,25,22,22,25,13,8,54,55,59,30,36,0,41,29,78,54,114,77,61,64,62,57,73,43,31,27,46,35,41,0,0,0,0,0,0,0,0,0,0,0,0,-29]} 1. d4 d5 2. c4 e6 3. Nf3 Nf6 4. g3 Be7 5. Bg2 O-O 6. O-O dxc4 7. Qc2 b5 8. a4 {E05: Open Catalan: 5 Nf3 Be7} b4 9. Nfd2 c6 10. Nxc4 Ba6 (10... Qxd4 11. Rd1 Qc5 12. b3 Ba6 13. Nbd2 Nbd7 14. Bb2 Rad8 15. e3 Qh5 {0-1 (38) Maghsoodloo,P (2688)-Nakamura,H (2746) St Petersburg 2018}) 11. Rd1 Nbd7 {[%cal Bb8d7,Bd7b6,Bb6a8,Ba8c7,Bc7b5,Bb5d4][%mdl 32]} 12. e4 $146 ({Predecessor:} 12. Nbd2 Rc8 13. e4 Nb6 14. a5 Nxc4 15. Nxc4 Qd7 {½-½ (25) Mikhalevski,V (2519)-Hess,R (2635) Wheeling 2012}) 12... Rc8 13. b3 Nb6 14. Ne3 Qd7 15. Bb2 Rfd8 (15... c5 $1 $14) 16. a5 Na8 17. Nd2 {[%cal Bb1d2,Bd2c4,Bc4e5][%mdl 32]} Nc7 18. Ndc4 Nb5 19. Ne5 Qe8 20. Qe2 Bf8 21. Rac1 Bb7 22. N5c4 c5 {[%cal Rc5d4] The position is equal.} 23. d5 Nd4 24. Bxd4 cxd4 25. Rxd4 exd5 26. exd5 Bxd5 27. Rcd1 {[%cal Rg2d5]} ({Don't blunder} 27. Rxd5 $2 Nxd5 28. Qf1 (28. Bxd5 $2 Rxd5 {[%mdl 64] Pin} 29. Re1 Rdd8 $19) 28... Nxe3 $19) 27... Bxc4 28. Rxc4 {Accuracy: White = 71%, Black = 58%.} 1/2-1/2

[Event "7th Iberoamerican-ch 2019"]
[Site "Linares"]
[Date "2019.08.17"]
[Round "8.8"]
[White "Del Rio De Angelis, Salvador G."]
[Black "Flores, Diego"]
[Result "0-1"]
[WhiteElo "2472"]
[BlackElo "2604"]
[Annotator "TA"]
[PlyCount "62"]
[EventDate "2019.08.10"]
[EventType "swiss"]
[EventCountry "ESP"]
[SourceTitle "playchess.com"]
[Source "ChessBase"]
[SourceQuality "1"]

{[%evp 18,62,57,75,71,54,78,77,79,53,86,79,71,73,70,90,113,107,123,122,100,62,65,66,76,0,0,0,0,0,0,-11,-7,-7,-14,-37,-45,-39,-50,-38,-37,-245,-241,-716,-708,-658,-643]} 1. d4 Nf6 2. c4 g6 3. Nc3 Bg7 4. e4 d6 5. h3 O-O 6. Be3 c5 7. d5 b5 8. cxb5 a6 9. a4 Qa5 10. Bd2 $1 e6 {E71: King's Indian: 4 e4 d6 5 h3} 11. Nf3 exd5 12. Nxd5 Qd8 {White is better.} 13. Bg5 Bb7 14. Bc4 axb5 {[#]} 15. axb5 $146 ({Predecessor:} 15. Bxb5 Bxd5 16. exd5 Qe7+ 17. Kf1 h6 18. Bxf6 Qxf6 {1-0 (70) Dreev,A (2630)-Rashkovsky,N (2505) Maikop 1998}) 15... Nbd7 16. O-O Rxa1 17. Qxa1 h6 18. Bxf6 Nxf6 19. Re1 Bxd5 20. exd5 Nd7 {[%cal Bf6d7,Bd7b6,Bb6c4][%mdl 32]} 21. Qa7 (21. Qc1 $16) 21... Bxb2 $11 22. Rb1 Nb6 23. Rxb2 {aiming for Bf1.} Nxc4 24. Rb1 {Hoping for b6.} Nb6 25. Nd2 Re8 26. Nf1 Qb8 $36 {[%mdl 2048] Black is more active.} 27. Qa2 Qa8 28. Qa6 Nxd5 29. Qxd6 $2 {[#]} (29. Qxa8 $15 Rxa8 30. Rd1) 29... Nc3 $1 $19 {[%cal Rc3b1]} 30. Rb3 $2 (30. Rb2 Ne2+ 31. Rxe2 Rxe2 32. Qxc5) 30... Ne2+ 31. Kh2 {[#]} Qa1 $1 {Accuracy: White = 40%, Black = 80%.} 0-1

[Event "7th Iberoamerican-ch 2019"]
[Site "Linares"]
[Date "2019.08.17"]
[Round "8.9"]
[White "Vazquez Igarza, Renier"]
[Black "Zambrana, Oswaldo"]
[Result "1/2-1/2"]
[WhiteElo "2570"]
[BlackElo "2440"]
[Annotator "ChessBase"]
[PlyCount "85"]
[EventDate "2019.08.10"]
[EventType "swiss"]
[EventCountry "ESP"]
[SourceTitle "playchess.com"]
[Source "ChessBase"]
[SourceQuality "1"]
[TimeControl "5400+30"]

1. Nf3 {[%emt 0:00:00]} Nf6 {[%emt 0:07:04]} 2. c4 {[%emt 0:00:23]} g6 {[%emt 0:00:12]} 3. g3 {[%emt 0:02:45]} Bg7 {[%emt 0:00:13]} 4. Bg2 {[%emt 0:00:02]} O-O {[%emt 0:00:21]} 5. O-O {[%emt 0:00:51]} c6 {[%emt 0:00:40]} 6. b3 {[%emt 0:01:01]} d5 {[%emt 0:03:01]} 7. Bb2 {[%emt 0:00:09]} Nbd7 {[%emt 0:00:23]} 8. Qc2 {[%emt 0:03:24]} b6 {[%emt 0:01:46]} 9. Nc3 {[%emt 0:07:14]} Bb7 {[%emt 0:01:47]} 10. d4 {[%emt 0:00:25]} Re8 {[%emt 0:05:53]} 11. Rad1 {[%emt 0:01:15]} Rc8 {[%emt 0:00:31]} 12. e4 {[%emt 0:00:20]} dxe4 {[%emt 0:01:34]} 13. Ne5 {[%emt 0:01:06]} Qc7 {[%emt 0:01:49]} 14. Nxe4 {[%emt 0:00:36]} Nxe5 {[%emt 0:02:59]} 15. dxe5 {[%emt 0:00:19]} Nxe4 {[%emt 0:00:05]} 16. Qxe4 {[%emt 0:00:11]} Rcd8 {[%emt 0:00:27]} 17. Bc3 {[%emt 0:05:56]} Ba8 {[%emt 0:22:51]} 18. c5 {[%emt 0:05:11]} Rd5 {[%emt 0:00:30]} 19. cxb6 {[%emt 0:00:28]} axb6 {[%emt 0:00:51]} 20. Rxd5 {[%emt 0:20:29]} cxd5 {[%emt 0:00:07]} 21. Qe3 {[%emt 0:00:03]} e6 {[%emt 0:01:14]} 22. Rc1 {[%emt 0:00:54]} b5 {[%emt 0:01:00]} 23. Bf1 {[%emt 0:04:36]} Bf8 {[%emt 0:14:42]} 24. Bd4 {[%emt 0:08:35]} Qa5 {[%emt 0:00:40]} 25. Qd3 {[%emt 0:03:25]} Rb8 {[%emt 0:03:04]} 26. h4 {[%emt 0:02:16]} h5 {[%emt 0:01:06]} 27. Be2 {[%emt 0:01:46]} b4 {[%emt 0:04:48]} 28. g4 {[%emt 0:11:03]} hxg4 {[%emt 0:00:36]} 29. Bxg4 {[%emt 0:00:14]} Qd8 {[%emt 0:01:07]} 30. Qg3 {[%emt 0:02:43]} Rc8 {[%emt 0:01:33]} 31. Rxc8 {[%emt 0:00:34]} Qxc8 {[%emt 0:00:09]} 32. h5 {[%emt 0:00:03]} Qc2 {[%emt 0:03:49]} 33. hxg6 {[%emt 0:00:31]} Qxg6 {[%emt 0:00:41]} 34. Kg2 {[%emt 0:00:45]} Bc6 {[%emt 0:01:08]} 35. Be2 {[%emt 0:00:12]} Qxg3+ {[%emt 0:02:18]} 36. Kxg3 {[%emt 0:00:02]} Be7 {[%emt 0:00:33]} 37. f4 {[%emt 0:00:58]} Kg7 {[%emt 0:01:17]} 38. Ba6 {[%emt 0:01:18]} Bd7 {[%emt 0:01:08]} 39. f5 {[%emt 0:00:45]} f6 {[%emt 0:00:18]} 40. Bb7 {[%emt 0:01:05]} exf5 {[%emt 0:00:19]} 41. Bxd5 {[%emt 0:00:08]} fxe5 {[%emt 0:00:10]} 42. Bxe5+ {[%emt 0:00:02]} Kg6 {[%emt 0:00:14]} 43. Kf3 {[%emt 0:00:34]} 1/2-1/2

[Event "7th Iberoamerican-ch 2019"]
[Site "Linares"]
[Date "2019.08.17"]
[Round "8.10"]
[White "Gines Esteo, Pedro Antonio"]
[Black "Cruz, Cristhian"]
[Result "0-1"]
[WhiteElo "2417"]
[BlackElo "2559"]
[Annotator "ChessBase"]
[PlyCount "38"]
[EventDate "2019.08.10"]
[EventType "swiss"]
[EventCountry "ESP"]
[SourceTitle "playchess.com"]
[Source "ChessBase"]
[SourceQuality "1"]
[TimeControl "5400+30"]

1. d4 {[%emt 0:00:00]} e6 {[%emt 0:02:52]} 2. c4 {[%emt 0:00:36]} Nf6 {[%emt 0:00:43]} 3. Nc3 {[%emt 0:02:38]} Bb4 {[%emt 0:00:06]} 4. e3 {[%emt 0:00:15]} O-O {[%emt 0:00:30]} 5. Bd3 {[%emt 0:00:13]} c5 {[%emt 0:02:53]} 6. a3 {[%emt 0:16:29]} Bxc3+ {[%emt 0:09:06]} 7. bxc3 {[%emt 0:00:02]} Nc6 {[%emt 0:01:44]} 8. e4 {[%emt 0:12:49]} Ne8 {[%emt 0:00:32]} 9. Ne2 {[%emt 0:15:43]} b6 {[%emt 0:02:51]} 10. Be3 {[%emt 0:06:17]} Ba6 {[%emt 0:04:59]} 11. h4 {[%emt 0:07:35]} Na5 {[%emt 0:02:31]} 12. h5 {[%emt 0:00:22]} Rc8 {[%emt 0:19:22]} 13. h6 {[%emt 0:10:17]} g6 {[%emt 0:00:18]} 14. O-O {[%emt 0:06:37]} Bxc4 {[%emt 0:06:28]} 15. dxc5 {[%emt 0:02:55]} bxc5 {[%emt 0:02:18]} 16. Bxc4 {[%emt 0:00:46]} Nxc4 {[%emt 0:00:05]} 17. Bxc5 {[%emt 0:00:11]} Rxc5 {[%emt 0:02:10]} 18. Qd4 {[%emt 0:00:06]} d6 {[%emt 0:02:40]} 19. Rfd1 {[%emt 0:01:06]} Qg5 {[%emt 0:00:39]} 0-1